| 000 | 01065namaa2200349 cb4500 | ||
|---|---|---|---|
| 001 | BV005305351 | ||
| 003 | 0 | ||
| 005 | 20250508163618.0 | ||
| 006 | m|||| o||u| |||||| | ||
| 007 | tu | ||
| 007 | 7 | ||
| 008 | 920527s1980 a||| |||| 00||| und d | ||
| 020 |
_a9783447122108 _9978-3-447-12210-8 |
||
| 024 |
_a9783447122108 _a978-3-447-12210-8 |
||
| 040 |
_aRU-10907106 _bger _cRU-10907106 |
||
| 041 | _aeng | ||
| 100 |
_aMakiłła, Dariusz _4aut _966288 |
||
| 245 |
_aConstitutional Order in Post-Versailles Central and Eastern Europe 1919-1939/1941 _cEdited by Dariusz Makiłła |
||
| 264 |
_aWiesbaden _bHarrassowitz Verlag _c202 |
||
| 300 | _a167 Seiten | ||
| 336 |
_2rdacontent _aText _btxt |
||
| 337 |
_2rdamedia _aohne Hilfsmittel zu benutzen _bn |
||
| 338 |
_2rdacarrier _aBand _bnc |
||
| 490 |
_aDeutsches Historisches Institut Warschau _v44 |
||
| 648 |
_a1919-1941 _966297 |
||
| 650 | _aKonstitutionalismus | ||
| 650 | _aVerfassung | ||
| 650 | _aPolitisches System | ||
| 651 | _aMitteleuropa | ||
| 651 | _aOsteuropa | ||
| 942 |
_cMG _2z |
||
| 999 |
_c72434 _d72434 |
||